Management Information System (Record no. 15112)

MARC details
000 -LEADER
fixed length control field 00557nam a22002057a 4500
003 - CONTROL NUMBER IDENTIFIER
control field BD-DhSAU
005 - DATE AND TIME OF LATEST TRANSACTION
control field 20210912161416.0
008 - FIXED-LENGTH DATA ELEMENTS--GENERAL INFORMATION
fixed length control field 210912b xxu||||| |||| 00| 0 eng d
020 ## - INTERNATIONAL STANDARD BOOK NUMBER
International Standard Book Number 9789352865475
040 ## - CATALOGING SOURCE
Original cataloging agency BD-DhSAU
082 ## - DEWEY DECIMAL CLASSIFICATION NUMBER
Edition number 22
Classification number 658.05
Item number L365
100 ## - MAIN ENTRY--PERSONAL NAME
Personal name Kenneth C. Laudon, Jane P. Laudon;
245 ## - TITLE STATEMENT
Title Management Information System
Remainder of title Managing the Digital Firm
260 ## - PUBLICATION, DISTRIBUTION, ETC. (IMPRINT)
Place of publication, distribution, etc. Pearson
Name of publisher, distributor, etc. India
Date of publication, distribution, etc. 2018
300 ## - PHYSICAL DESCRIPTION
Extent xxxiv, 659p.;
Dimensions 25cm.;
590 ## - Name of Cataloguer
Name of Cataloger Nazmul
610 ## - SUBJECT ADDED ENTRY--CORPORATE NAME
Corporate name or jurisdiction name as entry element Management
650 ## - SUBJECT ADDED ENTRY--TOPICAL TERM
Topical term or geographic name as entry element Information System
942 ## - ADDED ENTRY ELEMENTS (KOHA)
Source of classification or shelving scheme Dewey Decimal Classification
Koha item type Book
Holdings
Withdrawn status Lost status Source of classification or shelving scheme Damaged status Not for loan Home library Branch Name Shelving location Date acquired Total Checkouts Full call number Barcode Date last seen Price effective from Koha item type Public note Date checked out Checked out
    Dewey Decimal Classification   Not For Loan SAU Library SAU Library Reference 12/09/2021   658.05 L365 42352 12/09/2021 12/09/2021 Book Project-2021    
    Dewey Decimal Classification     SAU Library SAU Library General Stacks 12/09/2021 10 658.05 L365 42353 09/11/2025 12/09/2021 Book Project-2021 31/07/2025  
    Dewey Decimal Classification     SAU Library SAU Library General Stacks 12/09/2021 7 658.05 L365 42354 10/01/2024 12/09/2021 Book Project-2021 22/05/2023  
    Dewey Decimal Classification     SAU Library SAU Library General Stacks 12/09/2021 9 658.05 L365 42355 01/09/2025 12/09/2021 Book Project-2021 01/09/2025 22/09/2025
    Dewey Decimal Classification     SAU Library SAU Library General Stacks 12/09/2021 11 658.05 L365 42356 09/11/2025 12/09/2021 Book Project-2021 01/09/2025